01343nam a22003017a 4500003000400000005001700004008004100021010001900062024001800081035001900099040001300118082001500131245009600146260003500242300005600277440003500333500007600368500012000444500006500564538021100629538012700840650001900967700000900986700000900995700001201004700001301016700001201029dpl20080911114410.0080911t xxu||||| |||| 00| 0 eng d aDVD-000642-644 2A4343c599.00 aDVD-000642-644 aDPLcDPL aDVD / WITC aWitch :cWalt Disney Home Entertainmenth[videorecording] (DVD) /bThe First Three Episodes bWalt Disney Home Entertainment a1 videodiscs (65 min.):bsd., col.;c4 3/4 in.fDVD aWalt Disney Home Entertainment aSole Distributor in India M/s Excel Productions Audio Visuals Pvt. Ltd. aMeet W.i.t.c.h, five ordinary girls with extraordinary superpowers, and discover the magic and power of friendship. aThe Popular Comic Book is Now on DVD for the First Time Ever aDolby Digital 2.0-English,Japanese,Mandarin, Korean, Spanish, Portuguese Subtitles- English, Japanese, Trad Chienese, Korean, Spanish, Portguese Subtitles -English, Chinese, Korean, Bahasa aAspect Ratio:1.33.1, Presentation Type: Pan & Scan, Presentation Size 4x3, Formation: DVD 9- Dual Layer Single sided Disc, 2Animated Movie aWill aIrma aTaranee aCornelia aHay Lin